[Event "Norway Chess Armageddon (Women) 13th"]
[Site "Stavanger"]
[Date "2025.06.02"]
[Round "7"]
[White "Koneru, Humpy"]
[Black "Muzychuk, Anna"]
[Result "1/2-1/2"]
[WhiteElo "2543"]
[BlackElo "2526"]
[PlyCount "92"]
[EventDate "2025.05.26"]
[EventType "tourn (rapid)"]
[EventRounds "10"]
[EventCountry "NOR"]
[SourceTitle "CB24_2025"]
[SourceDate "2025.06.11"]
[SourceVersion "1"]
[SourceVersionDate "2025.06.11"]
[SourceQuality "1"]

1. d4 Nf6 2. c4 g6 3. f3 d5 4. cxd5 Nxd5 5. e4 Nb6 6. Nc3 Bg7 7. Be3 0-0 8. Qd2 Nc6 9. 0-0-0 f5 10. Nh3 fxe4 11. fxe4 Bg4 12. Be2 Bxe2 13. Nxe2 Nc4 14. Qc3 Nxe3 15. Qxe3 e5 16. Ng5 Bh6 17. h4 Nxd4 18. Nxd4 exd4 19. Rxd4 Qe7 20. Kb1 c5 21. Rd5 Rae8 22. Re1 b6 23. Qb3 Bxg5 24. Rxc5+ Qe6 25. Rxg5 Qxb3 26. axb3 Rf4 27. h5 Kg7 28. hxg6 h6 29. Rd5 Rfxe4 30. Rd7+ Kxg6 31. Rxe4 Rxe4 32. Rxa7 Rg4 33. Rb7 Rxg2 34. Rxb6+ Kg5 35. b4 h5 36. Rb8 Rf2 37. Ka2 h4 38. Rh8 Kg4 39. Ka3 h3 40. b5 Kg3 41. b4 h2 42. b6 Rf6 43. Rxh2 Kxh2 44. b7 Rb6 45. Ka4 Rxb7 46. b5 Rxb5 1/2-1/2

[Event "Norway Chess (Women) 13th"]
[Site "Stavanger"]
[Date "2025.05.28"]
[Round "3"]
[White "Lei, Tingjie"]
[Black "Muzychuk, Anna"]
[Result "1/2-1/2"]
[WhiteElo "2552"]
[BlackElo "2526"]
[PlyCount "41"]
[EventDate "2025.05.26"]
[EventType "tourn"]
[EventRounds "10"]
[EventCountry "NOR"]
[EventCategory "11"]
[SourceTitle "CB24_2025"]
[SourceDate "2025.06.11"]
[SourceVersion "1"]
[SourceVersionDate "2025.06.11"]
[SourceQuality "1"]

1. e4 c5 2. Nf3 Nc6 3. Bb5 e6 4. 0-0 Nge7 5. Re1 a6 6. Bf1 d5 7. exd5 Nxd5 8. d4 Nf6 9. Be3 cxd4 10. Nxd4 Bd7 11. Nb3 Be7 12. c4 Ne5 13. Nc3 0-0 14. Qd4 Ng6 15. Red1 Qb8 16. h3 Rc8 17. Qd3 Ne5 18. Qd4 Ng6 19. Qd3 Ne5 20. Qd4 Ng6 21. Qd3 1/2-1/2

[Event "Wch Blitz (Women)"]
[Site "New York"]
[Date "2024.12.30"]
[Round "9"]
[White "Muzychuk, Anna"]
[Black "Lagno, Kateryna"]
[Result "1/2-1/2"]
[WhiteElo "2515"]
[BlackElo "2515"]
[PlyCount "44"]
[EventDate "2024.12.30"]
[EventType "swiss (blitz)"]
[EventRounds "11"]
[EventCountry "USA"]
[SourceTitle "CB01_2025"]
[SourceDate "2025.01.01"]
[SourceVersion "1"]
[SourceVersionDate "2025.01.01"]
[SourceQuality "1"]

1. e4 e5 2. Nf3 Nc6 3. Bc4 Bc5 4. d3 Nf6 5. Nc3 a6 6. Nd5 h6 7. Be3 Bxe3 8. fxe3 d6 9. 0-0 Nxd5 10. Bxd5 0-0 11. Qe1 Ne7 12. Bb3 Be6 13. Bxe6 fxe6 14. Qg3 Qd7 15. Rf2 Rf7 16. Raf1 Raf8 17. h4 c5 18. d4 exd4 19. exd4 cxd4 20. Nxd4 Rxf2 21. Rxf2 Rxf2 22. Qxf2 Nc6 1/2-1/2

[Event "Wch Rapid (Women)"]
[Site "New York"]
[Date "2024.12.26"]
[Round "4"]
[White "Khamdamova, Afruza"]
[Black "Muzychuk, Anna"]
[Result "1/2-1/2"]
[WhiteElo "2188"]
[BlackElo "2408"]
[PlyCount "56"]
[EventDate "2024.12.26"]
[EventType "swiss (rapid)"]
[EventRounds "11"]
[EventCountry "USA"]
[SourceTitle "CB01_2025"]
[SourceDate "2025.01.01"]
[SourceVersion "1"]
[SourceVersionDate "2025.01.01"]
[SourceQuality "1"]

1. e4 e5 2. Nf3 Nc6 3. Bb5 a6 4. Ba4 Nf6 5. 0-0 Nxe4 6. d4 b5 7. Bb3 d5 8. dxe5 Be6 9. c3 Bc5 10. Qe2 0-0 11. Be3 Bxe3 12. Qxe3 f5 13. exf6 Qxf6 14. Nbd2 Nxd2 15. Qxd2 Rad8 16. Rfe1 Bf7 17. Ng5 Na5 18. Bc2 g6 19. b3 Nb7 20. Re2 b4 21. Nxf7 Rxf7 22. Re3 d4 23. cxd4 Rxd4 24. Qe2 Nd6 25. Re1 Kg7 26. Bd3 a5 27. g3 Rd5 28. Kg2 Rc5 1/2-1/2

[Event "Wch Rapid (Women)"]
[Site "New York"]
[Date "2024.12.26"]
[Round "3"]
[White "Muzychuk, Anna"]
[Black "Shuvalova, Polina"]
[Result "1/2-1/2"]
[WhiteElo "2408"]
[BlackElo "2355"]
[PlyCount "75"]
[EventDate "2024.12.26"]
[EventType "swiss (rapid)"]
[EventRounds "11"]
[EventCountry "USA"]
[SourceTitle "CB01_2025"]
[SourceDate "2025.01.01"]
[SourceVersion "1"]
[SourceVersionDate "2025.01.01"]
[SourceQuality "1"]

1. e4 e5 2. Nf3 Nc6 3. Bc4 Nf6 4. d3 Be7 5. 0-0 0-0 6. Nc3 d6 7. a3 Be6 8. Re1 h6 9. h3 Qd7 10. Nd5 Rae8 11. b4 Bd8 12. Nxf6+ Bxf6 13. Bxe6 Qxe6 14. c4 Bd8 15. Be3 f5 16. exf5 Qxf5 17. Ra2 a6 18. Rd2 Kh8 19. Nh2 Bg5 20. Qg4 Bxe3 21. fxe3 Nd8 22. Rf1 Qxg4 23. Nxg4 Ne6 24. Rdf2 Rxf2 25. Kxf2 Kg8 26. Ke2 Ra8 27. Kd2 a5 28. b5 b6 29. h4 h5 30. Nf2 Rf8 31. Ke2 Nc5 32. Rd1 Rf6 33. g3 Rg6 34. Kf3 Rf6+ 35. Ke2 Rg6 36. Kf3 Rf6+ 37. Ke2 Rg6 38. Kf3 1/2-1/2

[Event "ESP-chT CECLUB Honor"]
[Site "Melilla"]
[Date "2024.10.18"]
[Round "7.16"]
[White "Oro, Faustino"]
[Black "Muzychuk, Anna"]
[Result "1/2-1/2"]
[WhiteElo "2434"]
[BlackElo "2524"]
[PlyCount "74"]
[EventDate "2024.10.12"]
[EventType "team-tourn"]
[EventRounds "7"]
[EventCountry "ESP"]
[SourceTitle "CB43_2024"]
[Source "Chessbase"]
[SourceDate "2024.10.23"]
[SourceVersion "1"]
[SourceVersionDate "2024.10.23"]
[SourceQuality "1"]
[WhiteTeam "Extremadura Magic"]
[BlackTeam "Costa Calida"]
[WhiteTeamCountry "ESP"]
[BlackTeamCountry "ESP"]

1. d4 d5 2. c4 c6 3. Nf3 Nf6 4. Nc3 e6 5. e3 Nbd7 6. Qc2 Bd6 7. b3 0-0 8. Be2 b6 9. 0-0 Bb7 10. Bb2 Qe7 11. Rad1 Rad8 12. Rfe1 Rfe8 13. Bf1 e5 14. dxe5 Nxe5 15. Nd4 dxc4 16. Nf5 Qe6 17. Nxd6 Rxd6 18. Rxd6 Qxd6 19. Rd1 cxb3 20. axb3 Qe7 21. Ne4 Nxe4 22. Qxe4 f6 23. Bxe5 fxe5 24. Qg4 Bc8 25. Qc4+ Be6 26. Qxc6 Rc8 27. Qb5 Qc5 28. Qa6 Bxb3 29. Rd7 Be6 30. Rxa7 Rc7 31. h4 Rxa7 32. Qxa7 g6 33. Bd3 Qd6 34. Be4 Bf7 35. Qb7 Kg7 36. g3 Kf6 37. Kg2 h5 1/2-1/2

[Event "Tbilisi FIDE GP (Women)"]
[Site "Tbilisi"]
[Date "2024.08.16"]
[Round "2"]
[White "Kashlinskaya, Alina"]
[Black "Muzychuk, Anna"]
[Result "1/2-1/2"]
[WhiteElo "2474"]
[BlackElo "2525"]
[PlyCount "81"]
[EventDate "2024.08.14"]
[EventType "tourn"]
[EventRounds "9"]
[EventCountry "GEO"]
[EventCategory "10"]
[SourceTitle "EXT 2025"]
[Source "ChessBase"]
[SourceDate "2024.10.14"]
[SourceVersion "1"]
[SourceVersionDate "2024.10.14"]
[SourceQuality "1"]

1. d4 d5 2. c4 c6 3. Nf3 Nf6 4. Nc3 e6 5. Bg5 h6 6. Bh4 Be7 7. e3 0-0 8. Qc2 Nbd7 9. a3 Ne8 10. Bg3 Nd6 11. cxd5 exd5 12. Bd3 Nf6 13. 0-0 Re8 14. Nd2 Be6 15. Rad1 Qc8 16. f3 c5 17. Rfe1 b6 18. Bf2 Rb8 19. e4 dxe4 20. Ndxe4 Ndxe4 21. Nxe4 cxd4 22. Bxd4 Nxe4 23. Bxe4 Qxc2 24. Bxc2 Rbc8 25. Be4 Red8 26. Be3 Rxd1 27. Rxd1 f5 28. Bd5 Kf7 29. Bxe6+ Kxe6 30. Re1 Kf7 31. Kf2 Bf6 32. Rc1 Rxc1 33. Bxc1 b5 34. b3 Ke6 35. Ke2 Kd5 36. Kd3 h5 37. h3 g6 38. Be3 a6 39. a4 Be5 40. axb5 axb5 41. Bd2 1/2-1/2

[Event "FIDE World Bl Team Final"]
[Site "Almaty"]
[Date "2024.08.05"]
[Round "2.2"]
[White "Muzychuk, Anna"]
[Black "Assaubayeva, Bibissara"]
[Result "1-0"]
[WhiteElo "2525"]
[BlackElo "2470"]
[PlyCount "135"]
[EventDate "2024.08.05"]
[EventType "team-k.o. (blitz)"]
[EventRounds "4"]
[EventCountry "KAZ"]
[SourceTitle "CBM 221 Extra"]
[Source "ChessBase"]
[SourceDate "2024.09.30"]
[SourceVersion "1"]
[SourceVersionDate "2024.09.30"]
[SourceQuality "1"]
[WhiteTeam "Chessy"]
[BlackTeam "Kazchess"]
[WhiteTeamCountry "FRA"]
[BlackTeamCountry "KAZ"]

1. e4 e5 2. Nf3 Nc6 3. Bc4 Nf6 4. Ng5 d5 5. exd5 Na5 6. Bb5+ Bd7 7. Qe2 Bd6 8. Bxd7+ Qxd7 9. Nc3 0-0 10. 0-0 c6 11. dxc6 Nxc6 12. d3 Nd4 13. Qd1 Bc7 14. Be3 h6 15. Nge4 Ng4 16. h3 Nxe3 17. fxe3 f5 18. Nc5 Qd6 19. Nxb7 Qc6 20. exd4 Qxb7 21. dxe5 Bxe5 22. Rb1 Rac8 23. Ne2 Bb8 24. Nf4 Rfe8 25. c3 Qb6+ 26. Kh1 Rcd8 27. Qb3+ Qxb3 28. axb3 Bxf4 29. Rxf4 Rxd3 30. Rxf5 Rd2 31. Rf3 Ree2 32. Rg3 a5 33. Ra1 Rxb2 34. Rxa5 Re1+ 35. Kh2 Rbb1 36. Rg4 Rh1+ 37. Kg3 Rxb3 38. Rc5 Rc1 39. Rgc4 Rc2 40. Kh2 Kh7 41. Rc7 h5 42. R4c5 Kh6 43. h4 g6 44. R7c6 Rbb2 45. Rg5 Kg7 46. Rgxg6+ Kf7 47. Rg5 Ra2 48. Rh6 Rxc3 49. Rhxh5 Rcc2 50. Rh7+ Kf6 51. Rh6+ Kf7 52. Kh3 Rcb2 53. Rc6 Rd2 54. h5 Ra1 55. Rf5+ Ke7 56. g4 Rh1+ 57. Kg3 Rg1+ 58. Kh4 Rh2+ 59. Kg5 Rhg2 60. Rf4 Re1 61. Rcf6 Re5+ 62. R6f5 Re6 63. Rf7+ Ke8 64. R7f6 Re5+ 65. R6f5 Re6 66. h6 Rh2 67. Rf6 Re5+ 68. Kg6 1-0

[Event "FIDE World Bl Team Final"]
[Site "Almaty"]
[Date "2024.08.05"]
[Round "1.1"]
[White "Muzychuk, Anna"]
[Black "Kulon, Klaudia"]
[Result "1/2-1/2"]
[WhiteElo "2525"]
[BlackElo "2415"]
[PlyCount "144"]
[EventDate "2024.08.05"]
[EventType "team-k.o. (blitz)"]
[EventRounds "4"]
[EventCountry "KAZ"]
[SourceTitle "CBM 221 Extra"]
[Source "ChessBase"]
[SourceDate "2024.09.30"]
[SourceVersion "1"]
[SourceVersionDate "2024.09.30"]
[SourceQuality "1"]
[WhiteTeam "Chessy"]
[BlackTeam "Krakow Q4Rail Kingsofchess"]
[WhiteTeamCountry "FRA"]
[BlackTeamCountry "POL"]

1. e4 d5 2. exd5 Qxd5 3. Nc3 Qd8 4. d4 Nf6 5. Nf3 g6 6. Bc4 Bg7 7. 0-0 0-0 8. h3 Nc6 9. a3 b6 10. Re1 Bb7 11. Bg5 h6 12. Bh4 e6 13. Ba2 Ne7 14. Bxf6 Bxf6 15. Ne4 Bg7 16. c3 Nf5 17. Qc2 Qe7 18. Rad1 c5 19. d5 exd5 20. Ng3 Qd7 21. Nxf5 gxf5 22. Ne5 Qe6 23. Nf3 Qd7 24. Ne5 Qe6 25. Nf3 Qd7 26. Ne5 Qc8 27. Bxd5 Bxd5 28. Rxd5 Re8 29. Nf3 Rxe1+ 30. Nxe1 Qe6 31. Rd1 Re8 32. Nf3 Qe2 33. Qxe2 Rxe2 34. Rd2 Re7 35. Kf1 Bf6 36. Ne1 Kg7 37. Nc2 Kg6 38. Ne3 Bg5 39. Rd6+ Re6 40. Nc4 Rxd6 41. Nxd6 Bc1 42. b3 Bxa3 43. Nb5 Bb2 44. c4 a6 45. Nc7 a5 46. Nd5 Bd4 47. Nxb6 f4 48. Ke2 Kf5 49. Kf3 Bc3 50. g4+ fxg3 51. fxg3 Ke5 52. Ke3 Bd4+ 53. Kf3 Bg1 54. Nd5 Kd4 55. Ne7 Kc3 56. Nc6 Kxb3 57. Nxa5+ Kb4 58. Nb7 Kxc4 59. Nd6+ Kd3 60. Nxf7 Bd4 61. Nd6 Be5 62. Nb5 c4 63. g4 Bf6 64. Kf4 Bg5+ 65. Kf5 Kc2 66. Na3+ Kb3 67. Nxc4 Kxc4 68. Kg6 Kd4 69. h4 Bxh4 70. Kxh6 Ke4 71. g5 Bxg5+ 72. Kxg5 Kd4 1/2-1/2